000 00372nam a2200145Ia 4500
008 230917s9999||||xx |||||||||||||| ||und||
040 _e112981
_aMAIN
041 _aEnglish
082 _a300.72 B635 S
100 _aBohrnstedt, George W.
245 0 _aStatistics for Social data analysis
260 _aU. S. A.
_bF. E. Peacock
_c1994
300 _a574p p.
942 _cBK
999 _c131182
_d131182